Najlepsi strzelcy Mistrzostw Świata 2022 - Statystyki

Ogólne statystyki
  • Ten quiz został rozwiązany 899 razy
  • Średni wynik to 7 z 11
Statystyki odpowiedzi
Zawodnik Wiek Narodowość Liczba bramek % Poprawnych
Lionel Messi 35 Argentyna 7
100%
Kylian Mbappé 23 Francja 8
98%
Julián Álvarez 22 Argentyna 4
68%
Olivier Giroud 36 Francja 4
66%
Bukayo Saka 21 Anglia 3
56%
Álvaro Morata 30 Hiszpania 3
54%
Richarlison 25 Brazylia 3
50%
Enner Valencia 33 Ekwador 3
47%
Cody Gakpo 23 Holandia 3
46%
Gonçalo Ramos 21 Portugalia 3
44%
Marcus Rashford 25 Anglia 3
31%
Nie znaleziono quizów pasujących do podanych kryteriów
Rozkład punktacji
Procent ludzi z każdym wynikiem
Percentyl według liczby udzielonych odpowiedzi
Twoja historia wyników
Nie rozwiązałeś tego quizu